| 000 | 00615nam a2200217 i 4500 | ||
|---|---|---|---|
| 001 | 18631 | ||
| 003 | ES-MaACL | ||
| 005 | 20230906151902.0 | ||
| 007 | t| | ||
| 008 | 011016s2000 sp ||||0| spa j | ||
| 020 | _a84-88836-19-8 | ||
| 040 |
_aM-BN _bspa _cM-BN |
||
| 080 | _a74 Hernández Quero, José | ||
| 080 | _a75 Hernández Quero, José | ||
| 100 | 1 |
_aHernández Quero, José. _963030 |
|
| 245 | 1 | 0 | _aHernández Quero. |
| 260 |
_aMadrid : _bForum Artis, _c[2000] |
||
| 300 |
_a157 p : _bil. col. y n ; _c25 cm. |
||
| 600 | 1 | 4 |
_aHernández Quero, José. _963030 |
| 852 |
_aES-MaACL _jL-25195 _bR.130057 |
||
| 999 |
_c18631 _d18631 |
||